| Tag |
First Indicator |
Second Indicator |
Subfields |
| LEADER |
00000cam a2200000Ia 4500 |
| 001 |
in00004036636 |
| 005 |
20181024084151.0 |
| 008 |
800516s1712 enk 000 0 eng |
| 010 |
|
|
|a 28002343
|
| 035 |
|
|
|a (OCoLC)ocm06324350
|
| 035 |
|
|
|a (OCoLC)6324350
|
| 040 |
|
|
|a DLC
|b eng
|e dcrmb
|c IXA
|d PIT
|d OCL
|d OCLCG
|d AU@
|d KRTAS
|d UIU
|d OCLCO
|d OCLCQ
|d OCLCO
|d OCLCF
|d OCLCA
|d TXA
|d UtOrBLW
|
| 043 |
|
|
|a e-uk---
|
| 049 |
|
|
|a TXAM
|
| 050 |
0 |
4 |
|a DA496 1712
|b .A7
|
| 082 |
0 |
4 |
|a 941.069
|2 20
|
| 090 |
|
|
|a DA495 1712
|b .A67
|
| 100 |
1 |
|
|a Arbuthnot, John,
|d 1667-1735.
|
| 240 |
1 |
0 |
|a Law is a bottomless-pit.
|p Part 4
|
| 245 |
1 |
0 |
|a Lewis Baboon turned honest, and John Bull politician :
|b being the fourth part of Law is a bottomless-pit : printed from a manuscript found in the cabinet of the famous Sir Humphry Polesworth : and publish'd, (as well as the three former parts and appendix) by the author of the New Atalantis.
|
| 246 |
3 |
0 |
|a Law is a bottomless-pit
|
| 264 |
|
1 |
|a London :
|b Printed for John Morphew near Stationers-Hall,
|c 1712.
|
| 300 |
|
|
|a 8 unnumbered pages, 37 pages, 3 unnumbered pages ;
|c 19 cm (octavo)
|
| 336 |
|
|
|a text
|b txt
|2 rdacontent
|
| 337 |
|
|
|a unmediated
|b n
|2 rdamedia
|
| 338 |
|
|
|a volume
|b nc
|2 rdacarrier
|
| 500 |
|
|
|a Anonymously published; attributed to John Arbuthnot. Cf. ESTC.
|
| 500 |
|
|
|a "Also attributed to Jonathan Swift."--Evans Amer. bibl.; "Sometimes also attributed to Jonathan Switft"--ESTC.
|
| 500 |
|
|
|a Signatures: A-F⁴.
|
| 500 |
|
|
|a The last page blank.
|
| 500 |
|
|
|a Price from imprint: Price 6 d.
|
| 500 |
|
|
|a Publisher's advertisement on pages [38-39].
|
| 500 |
|
|
|a "Lewis Baboon" = Louis XIV.
|
| 500 |
|
|
|a Fourth of five pamphlets, commonly called Law is a bottomless pit, or, The history of John Bull; a satire on the War of the Spanish Succession.
|
| 500 |
|
|
|a The Cushing Library/Rare Books copy was acquired as part of the Lois Goddard Morrison Collection of Eighteenth Century Literature.
|5 TXA
|
| 500 |
|
|
|a The Cushing Library/Rare Books Collection copy is bound with: Law is a bottomless-pit -- John Bull in his senses -- John Bull still in his senses -- Lewis Baboon turned honest, and John Bull, politician -- Appendix to John Bull still in his senses.
|5 TXA
|
| 510 |
4 |
|
|a ESTC,
|c T38599
|
| 650 |
|
0 |
|a Spanish Succession, War of, 1701-1714
|v Pamphlets.
|
| 600 |
0 |
0 |
|a Louis
|b XIV,
|c King of France,
|d 1638-1715
|v Humor
|v Early works to 1800.
|
| 650 |
|
0 |
|a John Bull (Symbolic character)
|v Early works to 1800.
|
| 650 |
|
0 |
|a Political satire, English
|y 18th century.
|
| 651 |
|
0 |
|a Great Britain
|x Politics and government
|y 1702-1714
|v Pamphlets.
|
| 651 |
|
0 |
|a Great Britain
|x History
|y Anne, 1702-1714
|v Pamphlets.
|
| 611 |
0 |
7 |
|a Spanish Succession, War of (1701-1714)
|2 fast
|0 (OCoLC)fst01128238
|
| 650 |
|
7 |
|a Politics and government.
|2 fast
|0 (OCoLC)fst01919741
|
| 651 |
|
7 |
|a Great Britain.
|2 fast
|0 (OCoLC)fst01204623
|
| 648 |
|
7 |
|a 1701-1714
|2 fast
|
| 655 |
|
7 |
|a History.
|2 fast
|0 (OCoLC)fst01411628
|
| 655 |
|
7 |
|a Pamphlets.
|2 fast
|0 (OCoLC)fst01423837
|
| 700 |
1 |
|
|a Swift, Jonathan,
|d 1667-1745,
|e attributed name.
|0 http://id.loc.gov/authorities/names/n78096912
|
| 700 |
1 |
|
|a Morphew, John,
|e publisher.
|0 http://id.loc.gov/authorities/names/nr93027031
|
| 700 |
1 |
|
|a Arbuthnot, John,
|d 1667-1735.
|t Law is a bottomless-pit.
|n Part 4.
|
| 752 |
|
|
|a Great Britain
|b England
|d London.
|
| 948 |
|
|
|a cataloged
|b h
|c 2018/8/20
|d enhance
|e fpiscitelli
|f 11:45:02 am
|
| 994 |
|
|
|a C0
|b TXA
|
| 999 |
f |
f |
|s 9081c1d3-64b5-3f6e-a9fe-988907bb2167
|i d8db7a17-8709-314e-93c3-4e59f21f194f
|t 0
|
| 952 |
f |
f |
|p noncirc
|a Texas A&M University
|b College Station
|c Cushing Memorial Library & Archives
|d Cushing: Rare Books (Does not check out)
|t 0
|e DA495 1712 .A64
|h Library of Congress classification
|i unmediated -- volume
|
| 952 |
f |
f |
|a Texas A&M University
|b College Station
|c Cushing Memorial Library & Archives
|d Cushing: Rare Books (Does not check out)
|t 0
|e DA495 1712 .A64
|h Library of Congress classification
|
| 998 |
f |
f |
|a DA495 1712 .A64
|t 0
|l Cushing: Rare Books (Does not check out)
|